000
00324nam a22001457a 4500
008
230912b ||||| |||| 00| 0 eng d
020
_a
081034419
041
_a
eng
080
_a
521
082
_a
521HOM
100
_a
19
101
_a
ASTRO
245
_a
AEPINUS'S ELECTRICITY AND MAGNETISM
_c
HOME.W.R
942
_2
udc
_c
BK
999
_c
60336
_d
60336